01130nam a2200301 a 4500001001000000003000900010005001700019007000300036008004100039020001800080040002500098082002200123100002900145245017700174260004000351300004900391500005700440500007300497650006200570650001500632650002200647650003600669650002500705650002600730650002000756700002500776700002700801000018507DO-SdBNP20250305093321.0ta100511s2009 dr c 000 0 spa d a9789993458791 aDO-SdBNPbspacBNPHU 4a333.72bG643m2221 aGonzález, Juan Antonio10aMedio ambiente y calentamiento global ¿Apocalipsis o realidad? /cJuan Antonio González ; encargado de edición Candido Gerón ; corrección de pruebas Paula Batista. aSanto Domingo :bMonumental,c2009. a313 p. :bil., fots., mapa, retrs. ;c23 cm. aIncluye datos biográficos del autor en las solapas aIncluye referencias bibliográficas y notas al pie de las páginas 4aConservación del medio ambientezRepública Dominicana 0aECOLOGÍA 4aControl ambiental 4aConservación de la naturaleza 0aCalentamiento global 4aEfecto de invernadero 4aDeforestación1 aGern, Candido,e ed.1 aBatista, Paula,ecorr.